| 000 | 00508nam a2200205Ia 4500 | ||
|---|---|---|---|
| 003 | OSt | ||
| 005 | 20230606153800.0 | ||
| 008 | 210423s2000 xx 000 0 und d | ||
| 040 | _cAL | ||
| 041 | _aeng | ||
| 082 |
_a153.8 MACL _223 |
||
| 100 |
_aMACKAY (Ian) _9120456 |
||
| 245 | _aListening skills | ||
| 260 |
_bUniversities Press _c2000 |
||
| 365 |
_b90 _cINR |
||
| 650 |
_aMental Process & Intelligence _9120457 |
||
| 650 |
_aPsychology _9120458 |
||
| 906 | _aListening ; skills | ||
| 942 |
_2ddc _cBK |
||
| 999 |
_c173802 _d173802 |
||